000 00530nam a22001817a 4500
005 20251108164752.0
008 250721s1973 xx 000 0 ara d
082 1 4 _a811.9563/عبد
100 1 _aالحصيري، عبد الأمير
245 1 0 _aمذكرات عروة بن الورد /
264 1 _aبغداد :
_bدار الحرية للطباعة،
_c1973.
300 _a108ص
650 1 7 _aالشعر العربي
650 1 7 _aالعصر الحديث
650 1 7 _aالعراق
942 _2ddc
_cBK
999 _c13894
_d13894